书目信息 |
| 题名: |
中国经济地理学
|
|
| 作者: | 《中国经济地理学》编写组编 | |
| 分册: | ||
| 出版信息: | 北京 中国商业出版社 1983 |
|
| 页数: | 472页 | |
| 开本: | 21cm | |
| 丛书名: | ||
| 单 册: | ||
| 中图分类: | F129.9 | |
| 科图分类: | ||
| 主题词: | 经济地理学--中国--高等学校--教材 | |
| 电子资源: | ||
| ISBN: | ||
| 000 | 00663nam0 2200241 45 | |
| 001 | 0183002863 | |
| 005 | 20040425081906.9 | |
| 010 | @dCNY1.60 | |
| 091 | @a4237.067 | |
| 100 | @a19950616d1983 em y0chiy0121 ea | |
| 101 | 0 | @achi |
| 102 | @aCN@b110000 | |
| 105 | @ay z 000yy | |
| 106 | @ar | |
| 200 | 10 | @a中国经济地理学@Azhong guo jing ji di li xue@f《中国经济地理学》编写组编 |
| 210 | @a北京@c中国商业出版社@d1983 | |
| 215 | @a472页@d21cm | |
| 300 | @a高等财经院校试用教材 | |
| 606 | @a经济地理学@y中国@x高等学校@x教材 | |
| 690 | @aF129.9@v3 | |
| 801 | 0 | @aCN@b上海图书馆@c20040425 |
| 801 | 2 | @aCN@bNLC@c20040425 |
| 905 | @f2@b134761-762@dF129.9@e20 | |
| 中国经济地理学/《中国经济地理学》编写组编.-北京:中国商业出版社,1983 |
| 472页;21cm |
| 高等财经院校试用教材 |
| ISBN :CNY1.60 |
| ● |
| 相关链接 |
|
|
|
|
正题名:中国经济地理学
索取号:F129.9/20
 
预约/预借
| 序号 | 登录号 | 条形码 | 馆藏地/架位号 | 状态 | 备注 |
| 1 | 0134761 | 000201659 | 密集书库/ [索取号:F129.9/20] | 在馆 | |
| 2 | 0134762 | 000201668 | 第一借阅区/ [索取号:F129.9/20] | 在馆 | |
| 3 | 0134763 | 002057491 | 第一样本阅览室/ [索取号:F129.9/20] | 在馆 |